LIBRARY & INFORMATION CENTRE, KCAET, TAVANUR

ONLINE PUBLIC ACCESS CATALOGUE (OPAC)

Aakul anthar (Record no. 3404)

MARC details
000 -LEADER
fixed length control field 00303cam a2200145ua 4500
041 ## - LANGUAGE CODE
Language code of text/sound track or separate title hin
082 ## - DEWEY DECIMAL CLASSIFICATION NUMBER
Classification number 891.43
Item number
100 ## - MAIN ENTRY--AUTHOR NAME
Personal name Bacchan, .
245 ## - TITLE STATEMENT
Title Aakul anthar
260 ## - PUBLICATION, DISTRIBUTION, ETC. (IMPRINT)
Place of publication Delhi :
Name of publisher Rajapal yada sangei ,
Year of publication 1962.
300 ## - PHYSICAL DESCRIPTION
Number of Pages 226 ; .
942 ## - ADDED ENTRY ELEMENTS (KOHA)
Koha item type Books
Holdings
Withdrawn status Lost status Damaged status Home library Current library Date acquired Full call number Accession Number Koha item type Public note
Withdrawn     KAUAET Sanskrit University 07/04/2012 891.43 6418 Books Transferred to Sanskrit University
free website counter